000 00880nam a2200265 i 4500
001 18421
003 ES-MaACL
005 20240311165625.0
007 t|
008 011026s2001 sp ||||1| spa d
020 _a84-8453-044-2
080 _a821.133.1-31"19"
100 1 _aGao, Xingjian.
_953895
245 1 3 _aLa montaña del alma /
_cGao Xingjian ; traducción de Liao Yanping y José Ramón Monreal.
250 _a4ª ed.
260 _a[Barcelona] :
_bEdiciones del Bronce,
_c2001.
300 _a651 p. ;
_c23 cm.
490 1 _aEtnicos del bronce. Serie francófonos del bronce ;
_v19
500 _aPremio Nobel 2000.
700 1 _aYanping, Liao.
_9117563
700 1 _aMonreal, José Ramón,
_d1954-
_982267
830 0 _aEtnicos del bronce. Serie francófonos del bronce ;
_v19
_9228801
852 _aES-MaACL
_jL-25042
_bR.130403
999 _c18421
_d18421